[Event "ENG-ch Seniors 65"]
[Site "Leamington Spa"]
[Date "2023.05.04"]
[Round "1"]
[White "Clark, Robert G"]
[Black "Hall, Alan"]
[Result "1-0"]
[WhiteElo "2080"]
[BlackElo "1747"]
[PlyCount "125"]
[EventDate "2023.05.04"]
[EventType "swiss"]
[EventRounds "7"]
[EventCountry "ENG"]
[SourceTitle "CBM 214 Extra"]
[Source "ChessBase"]
[SourceDate "2023.07.31"]
[SourceVersion "1"]
[SourceVersionDate "2023.07.31"]
[SourceQuality "1"]

1. c4 Nf6 2. g3 e5 3. Bg2 d5 4. cxd5 Nxd5 5. Nc3 Nb6 6. Nf3 Nc6 7. 0-0 Be7 8. a3 0-0 9. b4 Be6 10. d3 a6 11. Bb2 Qd7 12. Ne4 f6 13. Rc1 Rad8 14. Nfd2 Nd4 15. Bxd4 exd4 16. Nb3 Bxb3 17. Qxb3+ Nd5 18. Rc4 Kh8 19. Rxd4 Qf5 20. Nc5 Bxc5 21. Rxd5 Rxd5 22. Bxd5 Bb6 23. Bxb7 a5 24. bxa5 Bxa5 25. Qd5 Qxd5 26. Bxd5 Rb8 27. Ra1 g6 28. Kg2 Kg7 29. Ra2 f5 30. a4 Kf6 31. Bc4 Re8 32. e3 c5 33. Rc2 Bb4 34. Bb5 Rd8 35. Kf3 Ke5 36. Ke2 Kf6 37. Rc4 g5 38. h4 g4 39. f3 h5 40. fxg4 hxg4 41. d4 Rd6 42. dxc5 Rd2+ 43. Ke1 Rb2+ 44. Kd1 Ba5 45. c6 Rd2+ 46. Kc1 Rg2 47. c7 Bxc7 48. Rxc7 Rxg3 49. Rc6+ Ke5 50. h5 Rxe3 51. h6 Rh3 52. Kd2 f4 53. Ke2 Rh2+ 54. Kf1 g3 55. Be2 Ke4 56. Rc4+ Ke3 57. Rc3+ Ke4 58. h7 Rxh7 59. Bd3+ Kd4 60. Bxh7 Kxc3 61. a5 Kd2 62. Be4 Ke3 63. Bb7 1-0

[Event "Telford 4NCL op"]
[Site "Telford"]
[Date "2018.11.03"]
[Round "7"]
[White "Clark, Robert G"]
[Black "Rahul, Srivatshav P"]
[Result "0-1"]
[WhiteElo "2025"]
[BlackElo "2395"]
[PlyCount "64"]
[EventDate "2018.10.31"]
[EventType "swiss"]
[EventRounds "9"]
[EventCountry "ENG"]
[SourceTitle "CBM 187 Extra"]
[Source "ChessBase"]
[SourceDate "2018.11.04"]
[SourceVersion "1"]
[SourceVersionDate "2018.11.04"]
[SourceQuality "1"]

1. c4 Nf6 2. g3 g6 3. Bg2 Bg7 4. Nc3 0-0 5. Nf3 d6 6. 0-0 e5 7. d3 Nc6 8. Rb1 a5 9. a3 h6 10. b4 axb4 11. axb4 Be6 12. b5 Ne7 13. Bb2 Qd7 14. Re1 Bh3 15. Bh1 Qg4 16. Qb3 Qh5 17. c5 dxc5 18. Qc4 b6 19. Nxe5 Qxe5 20. Nd5 Qd6 21. Nxf6+ Bxf6 22. Bxf6 Qxf6 23. Bxa8 Rxa8 24. Qe4 Rd8 25. Ra1 Nd5 26. Ra7 Nc3 27. Qc6 Qxc6 28. bxc6 Nb5 29. Rb7 Ra8 30. f3 Bc8 31. Rb1 Nc3 32. Rb3 Nxe2+ 0-1

[Event "Hradec Kralove op 9th"]
[Site "Hradec Kralove"]
[Date "2018.10.04"]
[Round "6"]
[White "Kaplan, Daniel"]
[Black "Clark, Robert G"]
[Result "1/2-1/2"]
[WhiteElo "2017"]
[BlackElo "2025"]
[PlyCount "115"]
[EventDate "2018.09.30"]
[EventType "swiss"]
[EventRounds "9"]
[EventCountry "CZE"]
[SourceTitle "CBM 186 Extra"]
[Source "ChessBase"]
[SourceDate "2018.08.24"]
[SourceVersion "1"]
[SourceVersionDate "2018.08.24"]
[SourceQuality "1"]

1. d4 Nf6 2. Bg5 e6 3. Nf3 d5 4. e3 Be7 5. Bd3 h6 6. Bh4 c5 7. c3 Nc6 8. Nbd2 Bd7 9. 0-0 0-0 10. Re1 Rc8 11. Bb1 Ng4 12. Bxe7 Qxe7 13. h3 Nf6 14. Nb3 b6 15. Nbd2 Rfd8 16. Qe2 e5 17. dxe5 Nxe5 18. Bc2 Bc6 19. Rad1 g6 20. Bb3 Kg7 21. Bc2 Rc7 22. Nxe5 Qxe5 23. Bd3 Ba4 24. Rc1 Qe8 25. Bc2 Bxc2 26. Rxc2 Re7 27. Nf1 Ne4 28. Rcc1 Rd6 29. Qd3 Qc6 30. Nd2 Nf6 31. Red1 Nd7 32. Nc4 Ne5 33. Nxe5 Rxe5 34. Rc2 Qa4 35. b3 Qh4 36. Rcd2 Rg5 37. Kh2 Rf5 38. g3 Qf6 39. f4 Rh5 40. g4 Rh4 41. e4 Re6 42. exd5 Rd6 43. Rf2 g5 44. Qg3 Qe7 45. c4 b5 46. Qc3+ Kh7 47. Re1 Qd7 48. f5 h5 49. gxh5 Rh6 50. f6 R6xh5 51. Qd3+ Kh6 52. Rf3 g4 53. Qe3+ Kh7 54. Qe4+ Kh6 55. Qf4+ Kh7 56. Qe4+ Kh6 57. Qf4+ Kh7 58. Qe4+ 1/2-1/2

[Event "Hradec Kralove op 9th"]
[Site "Hradec Kralove"]
[Date "2018.10.03"]
[Round "5"]
[White "Clark, Robert G"]
[Black "Starosta, Martyna"]
[Result "1/2-1/2"]
[WhiteElo "2025"]
[BlackElo "1700"]
[PlyCount "86"]
[EventDate "2018.09.30"]
[EventType "swiss"]
[EventRounds "9"]
[EventCountry "CZE"]
[SourceTitle "CBM 186 Extra"]
[Source "ChessBase"]
[SourceDate "2018.08.24"]
[SourceVersion "1"]
[SourceVersionDate "2018.08.24"]
[SourceQuality "1"]

1. c4 e5 2. g3 c6 3. Bg2 d5 4. cxd5 cxd5 5. d3 Nc6 6. Nf3 Nf6 7. 0-0 Be7 8. a3 a5 9. Qa4 Bd7 10. Qb3 a4 11. Qc3 d4 12. Qe1 0-0 13. Nbd2 Be6 14. Ng5 Bd5 15. Nge4 Nxe4 16. Bxe4 f5 17. Bxd5+ Qxd5 18. f3 b5 19. Qf2 Rae8 20. Qg2 Bc5 21. g4 fxg4 22. fxg4 Rxf1+ 23. Kxf1 Qd7 24. Ne4 Be7 25. Bd2 Nd8 26. Qg3 Nb7 27. Rc1 Qd5 28. Kg1 Nc5 29. Qf3 Nd7 30. Ng5 Qxf3 31. Nxf3 Bc5 32. Kg2 e4 33. dxe4 Rxe4 34. Kf1 Rxg4 35. Ne5 Nxe5 36. Rxc5 Nc4 37. Bc1 Rh4 38. Kg2 Re4 39. Kf3 Re5 40. Rxe5 Nxe5+ 41. Ke4 Nc6 42. Kd5 Na5 43. Bf4 Nc4 1/2-1/2

[Event "BCF-chT3N 1617 (4NCL)"]
[Site "England"]
[Date "2017.05.01"]
[Round "11.51"]
[White "Clark, Robert G"]
[Black "Reeve, Andy K"]
[Result "1/2-1/2"]
[WhiteElo "2018"]
[BlackElo "2155"]
[PlyCount "22"]
[EventDate "2016.11.26"]
[EventType "team-swiss"]
[EventRounds "11"]
[EventCountry "ENG"]
[SourceTitle "EXT 2019"]
[Source "ChessBase"]
[SourceDate "2018.10.10"]
[SourceVersion "1"]
[SourceVersionDate "2018.10.10"]
[SourceQuality "1"]
[WhiteTeam "Holmes Chapel"]
[BlackTeam "3CS Oldham II"]
[WhiteTeamCountry "ENG"]
[BlackTeamCountry "ENG"]

1. c4 d6 2. Nc3 Nf6 3. g3 e5 4. Bg2 Be7 5. d3 0-0 6. Nf3 Nbd7 7. 0-0 c6 8. b4 d5 9. cxd5 cxd5 10. Qb3 d4 11. Nd5 Nxd5 1/2-1/2

[Event "Newport Pagnell 4NCL op 11th"]
[Site "Newport Pagnell"]
[Date "2016.11.05"]
[Round "2"]
[White "Pert, Richard G"]
[Black "Clark, Robert G"]
[Result "1-0"]
[WhiteElo "2432"]
[BlackElo "2006"]
[PlyCount "55"]
[EventDate "2016.11.04"]
[EventType "swiss"]
[EventRounds "5"]
[EventCountry "ENG"]
[SourceTitle "CBM 175 Extra"]
[Source "ChessBase"]
[SourceDate "2016.12.12"]
[SourceVersion "1"]
[SourceVersionDate "2016.12.12"]
[SourceQuality "1"]

1. e4 e6 2. d4 d5 3. Nd2 Nf6 4. e5 Nfd7 5. Bd3 c5 6. c3 Nc6 7. Ngf3 f6 8. exf6 Nxf6 9. 0-0 Bd6 10. dxc5 Bxc5 11. b4 Bb6 12. b5 Ne7 13. Ba3 0-0 14. c4 Re8 15. Qb3 Nf5 16. Rad1 Ng4 17. c5 Bc7 18. h3 Nf6 19. Rfe1 b6 20. Bxf5 exf5 21. Rxe8+ Nxe8 22. Nf1 Be6 23. Nd4 Bf7 24. Nxf5 Qf6 25. Qf3 Rd8 26. cxb6 Qxb6 27. Ne7+ Kh8 28. Qxf7 1-0

[Event "BCF-chT3N 1112 (4NCL)"]
[Site "England"]
[Date "2012.02.05"]
[Round "6"]
[White "Lawson, Andrew"]
[Black "Clark, Robert G"]
[Result "1/2-1/2"]
[WhiteElo "2199"]
[BlackElo "2008"]
[PlyCount "38"]
[EventDate "2011.11.12"]
[EventType "team-tourn"]
[EventRounds "6"]
[EventCountry "ENG"]
[SourceTitle "EXT 2013"]
[Source "ChessBase"]
[SourceDate "2012.11.22"]
[SourceVersion "1"]
[SourceVersionDate "2012.11.22"]
[SourceQuality "1"]
[WhiteTeam "North East England"]
[BlackTeam "Holmes Chapel"]
[WhiteTeamCountry "ENG"]
[BlackTeamCountry "ENG"]

1. Nf3 Nf6 2. d4 g6 3. c4 Bg7 4. Nc3 d5 5. cxd5 Nxd5 6. e4 Nxc3 7. bxc3 0-0 8. Be3 c5 9. Qd2 cxd4 10. cxd4 Nc6 11. Rb1 Bg4 12. d5 Bxf3 13. gxf3 Ne5 14. Be2 Qc8 15. 0-0 Qh3 16. Qd1 Nxf3+ 17. Bxf3 Be5 18. Re1 Bxh2+ 19. Kh1 Be5+ 1/2-1/2

[Event "BCF-chT3 1011 (4NCL)"]
[Site "England"]
[Date "2011.04.30"]
[Round "9.38"]
[White "Compton, Alistair"]
[Black "Clark, Robert G"]
[Result "1-0"]
[WhiteElo "2046"]
[BlackElo "2035"]
[PlyCount "73"]
[EventDate "2010.11.06"]
[EventType "team-swiss"]
[EventRounds "9"]
[EventCountry "ENG"]
[SourceTitle "EXT 2012"]
[Source "ChessBase"]
[SourceDate "2011.11.24"]
[SourceVersion "1"]
[SourceVersionDate "2011.11.24"]
[SourceQuality "1"]
[WhiteTeam "The Rookies"]
[BlackTeam "Holmes Chapel"]
[WhiteTeamCountry "ENG"]
[BlackTeamCountry "ENG"]

1. e4 e6 2. d4 d5 3. Nc3 Bb4 4. e5 Ne7 5. a3 Bxc3+ 6. bxc3 c5 7. Qg4 Qc7 8. Bd3 cxd4 9. Ne2 dxc3 10. 0-0 Nbc6 11. f4 Ng6 12. a4 a5 13. Ra3 Nb4 14. Bb5+ Bd7 15. Rxc3 Bc6 16. Nd4 h5 17. Qg3 Rc8 18. Bxc6+ bxc6 19. Nb5 cxb5 20. Rxc7 Rxc7 21. f5 Ne7 22. f6 h4 23. Qxg7 Rg8 24. Qh7 Rxc2 25. g3 hxg3 26. h4 g2 27. Rd1 Rg3 28. fxe7 Rh3 29. Qh8+ Kxe7 30. Bg5+ Kd7 31. Qd8+ Kc6 32. Rd2 Rc1+ 33. Kxg2 Rch1 34. Qc8+ Kb6 35. Qb8+ Kc6 36. Qxb5+ Kc7 37. Qxa5+ 1-0

[Event "Uxbridge op"]
[Site "London"]
[Date "2010.10.28"]
[Round "9"]
[White "Clark, Robert G"]
[Black "Summerscale, Aaron"]
[Result "0-1"]
[WhiteElo "2027"]
[BlackElo "2419"]
[PlyCount "88"]
[EventDate "2010.10.24"]
[EventType "swiss"]
[EventRounds "9"]
[EventCountry "ENG"]
[SourceTitle "EXT 2011"]
[Source "ChessBase"]
[SourceDate "2010.11.26"]
[SourceVersion "1"]
[SourceVersionDate "2010.11.26"]
[SourceQuality "1"]

1. e4 e6 2. d4 d5 3. Nc3 Nf6 4. Bg5 Bb4 5. e5 h6 6. Be3 Ne4 7. Qg4 g6 8. a3 Bxc3+ 9. bxc3 c5 10. Bd3 h5 11. Qh3 Nxc3 12. dxc5 d4 13. Bd2 Qd5 14. Bxc3 Qxe5+ 15. Ne2 dxc3 16. 0-0 Nc6 17. Qe3 Qxe3 18. fxe3 Ne5 19. Nxc3 Bd7 20. Rab1 Bc6 21. Nb5 Ke7 22. Nd4 Rhd8 23. Nxc6+ bxc6 24. Rb7+ Rd7 25. Rfb1 Rad8 26. Kf2 Rxb7 27. Rxb7+ Rd7 28. Rxd7+ Kxd7 29. Kg3 Ng4 30. e4 Kd8 31. h3 Ne5 32. Kf4 Nd7 33. e5 Nxc5 34. Be2 Nd7 35. h4 Ke7 36. g4 hxg4 37. Bxg4 f6 38. exf6+ Kxf6 39. h5 Ne5 40. Be2 gxh5 41. Bxh5 Nc4 42. a4 e5+ 43. Ke4 a5 44. Be8 Nd6+ 0-1

[Event "Uxbridge op"]
[Site "London"]
[Date "2010.10.28"]
[Round "8"]
[White "Smith, Andrew Philip"]
[Black "Clark, Robert G"]
[Result "0-1"]
[WhiteElo "2190"]
[BlackElo "2027"]
[PlyCount "116"]
[EventDate "2010.10.24"]
[EventType "swiss"]
[EventRounds "9"]
[EventCountry "ENG"]
[SourceTitle "EXT 2011"]
[Source "ChessBase"]
[SourceDate "2010.11.26"]
[SourceVersion "1"]
[SourceVersionDate "2010.11.26"]
[SourceQuality "1"]

1. e4 e6 2. d4 d5 3. e5 c5 4. c3 Nc6 5. Nf3 Qb6 6. Be2 Nh6 7. Na3 cxd4 8. cxd4 Bb4+ 9. Kf1 Bxa3 10. bxa3 Nf5 11. g4 Nfe7 12. Kg2 Bd7 13. Be3 Rc8 14. Rb1 Qc7 15. Rc1 Qd8 16. h4 Na5 17. h5 Nc4 18. Bg5 h6 19. Bh4 Qa5 20. Qb3 Bc6 21. Rc3 Qa4 22. Ra1 g5 23. hxg6 Nxg6 24. Bd1 Qxb3 25. axb3 Nxh4+ 26. Nxh4 Nxe5 27. dxe5 d4+ 28. Rf3 h5 29. Kg3 Bxf3 30. Bxf3 Rc3 31. g5 Rxb3 32. Rd1 d3 33. a4 Rg8 34. Kf4 Ke7 35. Ng2 Rd8 36. Bxh5 Rd4+ 37. Ke3 Rd5 38. f4 d2+ 39. Ke2 Rdd3 40. Kf2 Rb2 41. Ke2 Rd4 42. Bf3 Rxa4 43. Rxd2 Rxd2+ 44. Kxd2 b5 45. Ke3 Ra3+ 46. Ke2 b4 47. Ne3 Rc3 48. Kd2 a5 49. Bd1 Rc8 50. Ba4 Rd8+ 51. Kc2 Rd4 52. Ng2 Kf8 53. Kb3 Rd2 54. Bc6 Rd3+ 55. Kb2 a4 56. Ne1 a3+ 57. Ka2 Rd2+ 58. Kb3 Rb2+ 0-1

[Event "Runcorn op"]
[Site "Runcorn"]
[Date "2010.09.26"]
[Round "5"]
[White "Clark, Robert G"]
[Black "Psaila, Clarence"]
[Result "1/2-1/2"]
[WhiteElo "2027"]
[BlackElo "1861"]
[PlyCount "136"]
[EventDate "2010.09.24"]
[EventType "swiss"]
[EventRounds "5"]
[EventCountry "ENG"]
[SourceTitle "CBM 138 Extra"]
[Source "ChessBase"]
[SourceDate "2010.10.29"]
[SourceVersion "1"]
[SourceVersionDate "2010.10.29"]
[SourceQuality "1"]

1. e4 c5 2. Nf3 d6 3. d4 cxd4 4. Nxd4 Nf6 5. Nc3 a6 6. f3 e5 7. Nb3 Be6 8. Be3 Be7 9. Qd2 0-0 10. g4 d5 11. g5 d4 12. gxf6 Bxf6 13. Bf2 Bxb3 14. axb3 Bg5 15. Qd3 dxc3 16. Qxc3 Nc6 17. Rd1 Qf6 18. Bg2 Rac8 19. Bh3 Rcd8 20. Bd7 Nb8 21. Bg4 Rxd1+ 22. Kxd1 Rd8+ 23. Ke2 Rd2+ 24. Kf1 Nc6 25. Be1 Rd8 26. Kg2 Qd6 27. Rf1 Bf4 28. Bg3 Qh6 29. Bxf4 Qxf4 30. Rf2 g6 31. Re2 h5 32. Bh3 Rd1 33. Qe3 Qxe3 34. Rxe3 Rd2+ 35. Kg3 Rxc2 36. Bc8 Rxb2 37. Bxb7 Nd4 38. Bxa6 Rxb3 39. Rxb3 Nxb3 40. Bc4 Nd4 41. Kf2 Kg7 42. Ke3 g5 43. Ba6 Kf6 44. Bc8 Ke7 45. Ba6 Nc2+ 46. Kd2 Nd4 47. Ke3 Kd6 48. Bc4 f6 49. Bf7 h4 50. Bh5 Kc5 51. Kd3 Ne6 52. Bg4 Nf4+ 53. Kc3 Ne2+ 54. Kd2 Nd4 55. Kc3 Kb5 56. Bd7+ Kc5 57. Bg4 Nb5+ 58. Kd3 Kb4 59. Bh5 Nd4 60. Kd2 Nb3+ 61. Kd3 Nc5+ 62. Ke3 Kc3 63. Be8 Nb3 64. Bb5 Nd2 65. Ba6 Nc4+ 66. Kf2 Nd2 67. Ke3 Nc4+ 68. Kf2 Nd2 1/2-1/2

[Event "Runcorn op"]
[Site "Runcorn"]
[Date "2010.09.26"]
[Round "4"]
[White "Doran, Chris"]
[Black "Clark, Robert G"]
[Result "1/2-1/2"]
[WhiteElo "1997"]
[BlackElo "2027"]
[PlyCount "47"]
[EventDate "2010.09.24"]
[EventType "swiss"]
[EventRounds "5"]
[EventCountry "ENG"]
[SourceTitle "CBM 138 Extra"]
[Source "ChessBase"]
[SourceDate "2010.10.29"]
[SourceVersion "1"]
[SourceVersionDate "2010.10.29"]
[SourceQuality "1"]

1. e4 e5 2. Nf3 Nc6 3. Bb5 a6 4. Ba4 Nf6 5. 0-0 Be7 6. Re1 b5 7. Bb3 0-0 8. a4 b4 9. d3 a5 10. Nbd2 d6 11. h3 h6 12. c3 Be6 13. d4 bxc3 14. bxc3 exd4 15. Nxd4 Bxb3 16. N2xb3 Nxd4 17. Nxd4 Qd7 18. Nf5 Rfe8 19. Qf3 Bf8 20. Nxh6+ gxh6 21. Qxf6 Qe6 22. Qxe6 Rxe6 23. Rb1 Rae8 24. f3 1/2-1/2